[Event "Tittle-tattles Promotional Tournament"]
[Site "SchemingMind.com"]
[Date "2008.04.06"]
[Round "-"]
[White "riverriver"]
[Black "smothered mate"]
[Result "0-1"]
[WhiteCountry "USA"]
[BlackCountry "POL"]
[WhiteElo "1848"]
[WhiteRD "70"]
[BlackElo "1927"]
[BlackRD "49"]
[GameID "149321"]

1. d4 d5 2. c4 Bf5 3. Nc3 e6 4. Nf3 Nc6 5. e3 Nb4 6. Kd2 Nc2 7. Rb1 Nb4 8. Ra1 c5 9. dxc5 dxc4+ 10. Nd4 e5
11. Qa4+ Nc6 12. Ke1 exd4 13. exd4 Qxd4 14. Bxc4 Bxc5 15. Be3 Qe5 16. Rd1 Bxe3 17. fxe3 Nf6 18. Ke2 Bg4+ 19. Kd2 O-O-O+ 20. Kc1 Bxd1
21. Nxd1 Rd7 22. Kb1 Rhd8 23. Nc3 Ne4 24. Rd1 Nxc3+
0-1

[Event "Tittle-tattles Promotional Tournament"]
[Site "SchemingMind.com"]
[Date "2008.04.07"]
[Round "-"]
[White "smothered mate"]
[Black "riverriver"]
[Result "1-0"]
[WhiteCountry "POL"]
[BlackCountry "USA"]
[WhiteElo "1926"]
[WhiteRD "48"]
[BlackElo "1821"]
[BlackRD "72"]
[GameID "149322"]

1. e4 e5 2. Nf3 Nc6 3. Nc3 Nf6 4. Nxe5 Nxe5 5. d4 Ng6 6. e5 Ng8 7. Bc4 d6 8. Qf3 Be6 9. Qxb7 dxe5 10. Bg5 Be7
11. Bb5+ Bd7 12. Bxe7 N8xe7 13. Bxd7+ Kxd7 14. dxe5 Nxe5 15. O-O-O+ Ke6 16. Rxd8 Rhxd8 17. f4 N5c6 18. Qb3+ Kf6 19. Ne4+ Kf5 20. Qf3 h6
21. Re1 Kg6 22. f5+ Kh7 23. f6 gxf6 24. Nxf6+ Kh8 25. Qe4 Kg7 26. Rf1 Rh8 27. Rf3 Rad8 28. Qg4+ Ng6 29. Nh5+ Kg8 30. Nf4 Ne5
31. Qg3 Nxf3 32. gxf3 Kh7 33. Nxg6 Rhg8 34. Qxc7 Kxg6 35. Qxa7 Ra8 36. Qb6+ Kh7 37. a3 Rab8 38. Qf6 Rg1+ 39. Kd2 Rg2+ 40. Kd3 Rg7
41. b4 Ra8 42. Qc3 Rg5 43. a4 Rxa4 44. Qb3 Ra7 45. c4 Rg2 46. h4 Rh2 47. b5 Rd7+ 48. Ke3 Rxh4 49. b6 Re7+ 50. Kf2 Rb7
51. c5 Rh2+ 52. Kg3 Rh5 53. c6 Re7 54. b7 Rg5+ 55. Kf2 Rg8 56. b8=Q Rxb8 57. Qxb8 Re6 58. c7
1-0

[Event "Tittle-tattles Promotional Tournament"]
[Site "SchemingMind.com"]
[Date "2008.04.07"]
[Round "-"]
[White "Vaidotas"]
[Black "riverriver"]
[Result "0-1"]
[WhiteCountry "LTU"]
[BlackCountry "USA"]
[WhiteElo "1904"]
[WhiteRD "67"]
[BlackElo "1848"]
[BlackRD "70"]
[GameID "149397"]

1. e4 e5 2. Nf3 Nc6 3. Bc4 Nf6 4. Ng5 Bc5 5. O-O O-O 6. d3 d6 7. c3 Na5 8. b4 Nxc4 9. dxc4 h6 10. bxc5 hxg5
11. Bxg5 dxc5 12. Qf3 Be6 13. Bxf6 Qxf6 14. Qxf6 gxf6 15. Na3 Rad8 16. Rfd1 Kg7 17. Kf1 b6 18. Ke2 Bg4+ 19. f3 Be6 20. Rxd8 Rxd8
21. Rd1 Rxd1 22. Kxd1 f5 23. exf5 Bxf5 24. Kd2 a5 25. Nb5 c6 26. Nd6 Bb1 27. a3 Ba2 28. Kc2 Kf6 29. Kb2 Ke6 30. h4 Kxd6
31. Kxa2 b5 32. h5 Ke6 33. g4 Kf6 34. Kb2 Kg5 35. Kc2 f6 36. Kd2 f5 37. Ke3 fxg4 38. fxg4 b4 39. Kd3 e4+ 40. Kxe4 bxa3
0-1

[Event "Tittle-tattles Promotional Tournament"]
[Site "SchemingMind.com"]
[Date "2008.04.06"]
[Round "-"]
[White "Vaidotas"]
[Black "smothered mate"]
[Result "1/2-1/2"]
[WhiteCountry "LTU"]
[BlackCountry "POL"]
[WhiteElo "1904"]
[WhiteRD "67"]
[BlackElo "1927"]
[BlackRD "49"]
[GameID "149398"]

1. e4 c5 2. d4 cxd4 3. c3 e6 4. cxd4 d5 5. e5 Nc6 6. Bb5 Qb6 7. Nc3 Bd7 8. Bxc6 bxc6 9. Nf3 Nh6 10. Bxh6 gxh6
11. O-O Bg7 12. Na4 Qc7 13. Nc5 O-O 14. Rc1 f6 15. Re1 fxe5 16. Nxe5 Bxe5 17. Rxe5 Rf6 18. Qa4 Raf8 19. f3 Bc8 20. b4 Rf4
21. Nxe6 Bxe6 22. Rxe6 Qb6 23. Rc5 Rxd4 24. Rexc6 Rxb4 25. Rxb6 Rxa4 26. Rb2 Rd8 27. Kf2 Kg7 28. g4 Kg6 29. Kg3 Ra3 30. h4 h5
31. gxh5+ Kxh5 32. Rd2 Kg6 33. Rc6+ Kh5 34. Rf6 Rd7= 35. Rf5+ Kg6 36. Rg5+ Kf6 37. Rgxd5 Rxd5 38. Rxd5 Rxa2 39. Kg4 a5= 40. Rd6+ Ke5
41. Rh6 Rg2+ 42. Kh3 Rg6 43. Rxh7 Ra6 44. Kg4 a4 45. f4+ Kd4 46. h5 a3 47. Rd7+ Kc3 48. Rd1 a2 49. Kg5 a1=Q 50. Rxa1 Rxa1
51. h6 Rg1+ 52. Kf6 Rh1 53. Kg7 Kd4 54. h7 Ke4= 55. h8=Q Rxh8 56. Kxh8=
1/2-1/2

[Event "Tittle-tattles Promotional Tournament"]
[Site "SchemingMind.com"]
[Date "2008.04.07"]
[Round "-"]
[White "riverriver"]
[Black "Vaidotas"]
[Result "0-1"]
[WhiteCountry "USA"]
[BlackCountry "LTU"]
[WhiteElo "1848"]
[WhiteRD "70"]
[BlackElo "1904"]
[BlackRD "67"]
[GameID "149399"]

1. d4 d6 2. e4 g6 3. c4 Bg7 4. Nc3 Nc6 5. f3 e5 6. dxe5 Nxe5 7. f4 Nc6 8. Nf3 Bg4 9. Be2 Qe7 10. Nd5 Qd7
11. h3 Bxf3 12. Bxf3 Nge7 13. O-O O-O 14. Be3 Rae8 15. Qd2 f5 16. e5 Kh8 17. Bd4 dxe5 18. fxe5 Nxd4 19. Qxd4 c6 20. Rad1 cxd5
21. cxd5 Rd8 22. d6 Nc6 23. Bxc6 Qxc6 24. Rf2 Rfe8 25. Re2 Re6 26. Rde1 Rdxd6 27. Qxd6 Rxd6 28. exd6 Bd4+ 29. Kh1 Qxd6 30. Re8+ Kg7
31. R1e7+ Kh6 32. Re2 Bb6 33. R8e6 Qd1+ 34. Re1 Qd4 35. b3 Bc7 36. Re7 Qf4 37. Kg1 Qh2+ 38. Kf2 Bg3+ 39. Kf3 Bxe1 40. Rxe1 Qd6
41. Re2 Qd3+ 42. Re3 Qf1+ 43. Kg3 f4+
0-1

[Event "Tittle-tattles Promotional Tournament"]
[Site "SchemingMind.com"]
[Date "2008.04.06"]
[Round "-"]
[White "smothered mate"]
[Black "Vaidotas"]
[Result "1-0"]
[WhiteCountry "POL"]
[BlackCountry "LTU"]
[WhiteElo "1926"]
[WhiteRD "48"]
[BlackElo "1891"]
[BlackRD "67"]
[GameID "149400"]

1. e4 c6 2. d4 d5 3. exd5 cxd5 4. c4 e6 5. Nc3 dxc4 6. Bxc4 Nf6 7. Bg5 Be7 8. Nf3 Nc6 9. O-O O-O 10. Qd2 Nd5
11. Rfd1 Bxg5 12. Nxg5 h6 13. Nf3 Nce7 14. Rac1 Bd7 15. Ne5 Bc6 16. Nxc6 bxc6 17. Ne4 Qb6 18. Nc5 Rfd8 19. Qe2 Rab8 20. b3 Rbc8
21. g3 a5 22. Rd3 Rd6 23. Rf3 Nf5 24. Qe5 Rcd8 25. g4 Nh4 26. Rd3 Nf6 27. Qg3 Ng6 28. Rcd1 Nd5 29. Rf3 Nf6 30. Rfd3 Nd5
31. Rf3 Nf6 32. Rfd3 Ne7 33. f4 Nfd5 34. Rf3 Nb4 35. Qf2 Nbd5 36. f5 exf5 37. gxf5 Nf6 38. Rfd3 Ned5 39. Re1 Nb4 40. Rd2 Nbd5
41. Rd3 Nb4 42. Rd2 Ng4 43. Qf4 Rxd4 44. Re8+ Rxe8 45. Qxd4 Re1+ 46. Kg2 Ne3+ 47. Kf2 Nxc4 48. Qd8+ Kh7 49. Qxb6 Nxb6 50. Kxe1 N4d5
51. a4 g6 52. fxg6+ Kxg6 53. Nb7 Nd7 54. Nxa5 Ne5 55. Nxc6 Nf3+ 56. Ke2 Nxd2 57. Kxd2 f5 58. a5 Kg5 59. b4 Nc7 60. Nd4 Kf4
61. b5 Ke4 62. b6 Na6 63. Ne6 Kf3 64. Nc7 Nc5 65. a6 Kg2 66. a7 f4 67. a8=Q+ f3 68. b7
1-0

[Event "Tittle-tattles Promotional Tournament"]
[Site "SchemingMind.com"]
[Date "2008.04.11"]
[Round "-"]
[White "Efren ramos"]
[Black "riverriver"]
[Result "0-1"]
[WhiteCountry "NCA"]
[BlackCountry "USA"]
[WhiteElo "1889"]
[WhiteRD "81"]
[BlackElo "1848"]
[BlackRD "71"]
[GameID "150087"]

1. d4 d5 2. c4 e6 3. Nf3 c5 4. g3 Nc6 5. cxd5 exd5 6. Bg2 Nf6 7. O-O Be7 8. Nc3 O-O 9. Be3 cxd4 10. Nxd4 Re8
11. Qa4 Bd7 12. Qd1 Bc8 13. Qa4 Be6 14. Rfd1 Nb4 15. a3 Na6 16. b4 Bd7 17. Qb3 Rc8 18. Nxd5 Nc7 19. Nxe7+ Qxe7 20. Bxb7 Rb8
21. Nc6 Bxc6 22. Bxc6 Red8 23. Rxd8+ Rxd8 24. Bxa7 Qxe2 25. Bb6 Rd3 26. Qa4 Rd2 27. Qb3 Ncd5 28. Bxd5 Nxd5 29. Bc5 h6 30. a4 Nf6
31. Qe3 Rd1+ 32. Rxd1 Qxd1+ 33. Kg2 Qxa4 34. h3 Qa8+ 35. Kh2 Ne4 36. Qf4 Ng5 37. h4 Nf3+ 38. Kh3 Ng1+ 39. Kh2 Nf3+ 40. Kg2 Nxh4+
41. Kf1 Qa1+ 42. Ke2 Qa6+ 43. Kd2 Qa2+ 44. Kc3 Nf3 45. Qc1 Ne5 46. Qc2 Qc4+ 47. Kd2 Qd5+ 48. Kc1 Nd3+ 49. Kb1 Qe4 50. g4 g5
51. Ka1 Nxc5 52. Qxc5 Qxg4 53. b5 Qg2 54. b6 Kg7 55. Qc3+ Kg6 56. Qd3+ f5 57. Qd6+ Kh5 58. Qc7 Qf1+ 59. Kb2 Qxf2+ 60. Kb3 Qe3+
61. Kc4 f4 62. b7 Qc1+
0-1

[Event "Tittle-tattles Promotional Tournament"]
[Site "SchemingMind.com"]
[Date "2008.04.11"]
[Round "-"]
[White "Efren ramos"]
[Black "Vaidotas"]
[Result "1/2-1/2"]
[WhiteCountry "NCA"]
[BlackCountry "LTU"]
[WhiteElo "1916"]
[WhiteRD "79"]
[BlackElo "1891"]
[BlackRD "67"]
[GameID "150088"]

1. d4 d6 2. c4 g6 3. Nc3 Bg7 4. Nf3 Nc6 5. e4 e5 6. Bg5 f6 7. Be3 Bg4 8. d5 Nce7 9. Be2 Nh6 10. c5 O-O
11. Qd2 Nf7 12. Ng5 Bd7 13. Ne6 Bxe6 14. dxe6 Nh8 15. cxd6 cxd6 16. Rd1 Qc7 17. Qxd6 Qxd6 18. Rxd6 Rfd8 19. Rxd8+ Rxd8 20. O-O a6
21. Bc5 Bf8 22. a4 Rd2 23. Rd1 Rxd1+ 24. Bxd1 f5 25. Bc2 f4 26. Bb3 Kg7 27. Bc4 g5 28. b4 Nhg6 29. Nd5 Nc6 30. Bxf8+ Kxf8
31. b5 axb5 32. axb5 Nce7 33. b6 Nc6 34. Nf6 h6 35. Bd5 Nge7 36. Nd7+ Ke8 37. Nc5 Na5 38. Bxb7 Nxb7 39. Nxb7 Nc8 40. Na5 Nxb6
41. Nc6 Na4 42. Nxe5 Nc5 43. Nf7 Nxe4 44. Nxh6 Ke7 45. f3 Nc5 46. Nf7 Nxe6 47. Ne5 Kf6 48. Ng4+ Kf5 49. Kf2 Nd4 50. g3 fxg3+
51. hxg3 Ne6 52. Ke3 Ng7 53. Nf2 Ne6 54. Ne4 Ng7 55. g4+ Kg6 56. Kf2 Ne6 57. Kg3 Nf4= 58. Nf2 Ne2+ 59. Kg2 Nf4+ 60. Kf1 Kf6
61. Ke1 Kg6 62. Ne4 Ng2+ 63. Kf2 Nf4 64. Nxg5=
1/2-1/2

[Event "Tittle-tattles Promotional Tournament"]
[Site "SchemingMind.com"]
[Date "2008.04.11"]
[Round "-"]
[White "Efren ramos"]
[Black "smothered mate"]
[Result "1-0"]
[WhiteCountry "NCA"]
[BlackCountry "POL"]
[WhiteElo "1910"]
[WhiteRD "82"]
[BlackElo "1913"]
[BlackRD "52"]
[GameID "150089"]

1. d4 d5 2. c4 Bf5 3. Nc3 e6 4. Nf3 Nc6 5. Bf4 Bd6 6. Bg3 Nf6 7. e3 O-O 8. Bd3 dxc4 9. Bxc4 Qe7 10. Bh4 Rad8
11. O-O h6 12. Qe2 g5 13. Bg3 Bxg3 14. hxg3 e5 15. dxe5 Nxe5 16. Nxe5 Qxe5 17. Rad1= Bg4 18. f3 Qxg3 19. Rxd8 Rxd8 20. Bxf7+ Kxf7
21. fxg4 Kg7 22. Rxf6 Re8 23. Rf3 Qd6 24. Qc4 Re7 25. a3 c5 26. Qd5 Qb6 27. Qf5 Qe6 28. Qf8+ Kg6 29. Ne4
1-0

[Event "Tittle-tattles Promotional Tournament"]
[Site "SchemingMind.com"]
[Date "2008.04.11"]
[Round "-"]
[White "riverriver"]
[Black "Efren ramos"]
[Result "1/2-1/2"]
[WhiteCountry "USA"]
[BlackCountry "NCA"]
[WhiteElo "1843"]
[WhiteRD "72"]
[BlackElo "1906"]
[BlackRD "78"]
[GameID "150090"]

1. d4 Nf6 2. c4 c5 3. Nf3 e6 4. d5 exd5 5. cxd5 d6 6. Nc3 g6 7. Bf4 Bg7 8. Qa4+ Bd7 9. Qb3 Qc7 10. e4 O-O
11. Be2 a6 12. O-O b5 13. Bg5 Bg4 14. Qd1 Nbd7 15. h3 Bxf3 16. Bxf3 h6 17. Bxf6 Nxf6 18. Qc2 Rfe8 19. Rae1 c4 20. a4 Qc5
21. axb5 axb5 22. Rb1 b4 23. Ne2 Nd7 24. Nc1 Ne5 25. Be2 h5 26. Kh1 h4 27. f4 Nd7 28. Bxc4 Rac8 29. b3 Nb6 30. Nd3 Qd4
31. Nf2 Nxc4 32. bxc4 Rxc4 33. Qa4 Rec8 34. Qd7 Rc2 35. Rbe1 b3 36. f5 gxf5 37. Qxf5 b2 38. Ng4 Rc1 39. Qxf7+ Kh8 40. Qh5+ Kg8
41. Qf7+ Kh8 42. Qh5+ Kg8 43. Qf7+ Kh7 44. Qf5+ Kh8 45. Qh5+ Kg8 46. Qf7+
1/2-1/2

[Event "Tittle-tattles Promotional Tournament"]
[Site "SchemingMind.com"]
[Date "2008.04.14"]
[Round "-"]
[White "Vaidotas"]
[Black "Efren ramos"]
[Result "0-1"]
[WhiteCountry "LTU"]
[BlackCountry "NCA"]
[WhiteElo "1898"]
[WhiteRD "71"]
[BlackElo "1910"]
[BlackRD "82"]
[GameID "150091"]

1. e4 e5 2. Nf3 Nf6 3. Nc3 Nc6 4. Bb5 Bc5 5. O-O d6 6. d4 exd4 7. Nxd4 Bd7 8. Be3 Nxd4 9. Bxd7+ Qxd7 10. f3 Ne6
11. Bxc5 Nxc5 12. Re1 O-O 13. Qd2 Rfe8 14. Rad1 Qe6 15. Nb5 Qd7 16. Nd4 Re5 17. c3 h6 18. Nf5 Rxf5 19. exf5 Qxf5 20. Re7 Ne6
21. b3 Qc5+ 22. Qf2 Qxf2+ 23. Kxf2 Kf8 24. Rxe6 fxe6 25. g3 e5 26. c4 b6 27. Ke3 a5 28. g4 Rd8 29. h4 g5 30. h5 d5
31. cxd5 Nxd5+ 32. Kf2 Ke7 33. Re1 Kf6 34. Rd1 Rd6 35. Rc1 c5 36. Rd1 Ke6 37. Rd2 Nf4 38. Rc2 Rd1 39. Kg3 Rd3 40. Kf2 a4
41. bxa4 Ra3 42. Rd2 Nd5
0-1

[Event "Tittle-tattles Promotional Tournament"]
[Site "SchemingMind.com"]
[Date "2008.04.14"]
[Round "-"]
[White "smothered mate"]
[Black "Efren ramos"]
[Result "1/2-1/2"]
[WhiteCountry "POL"]
[BlackCountry "NCA"]
[WhiteElo "1927"]
[WhiteRD "49"]
[BlackElo "1897"]
[BlackRD "77"]
[GameID "150092"]

1. g3 Nf6 2. Bg2 c6 3. e4 d5 4. e5 Nfd7 5. d4 e6 6. Nf3 c5 7. c3 Nc6 8. O-O Qb6 9. dxc5 Bxc5 10. b4 Be7
11. Qe2 Qc7 12. Re1 O-O 13. Bf4 a6 14. Nbd2 h6 15. h4 b5 16. Rac1 Bb7 17. Nb3 Nb6 18. Nfd4 Nc4 19. Nxc6 Bxc6 20. Nd4 a5
21. Qg4 Kh8 22. a4 bxa4 23. b5 Bd7 24. Bxd5 exd5 25. e6 Bd6 26. Nf5 g6 27. Nxd6 Bxe6 28. Rxe6 fxe6 29. b6 Qg7 30. b7 Rad8
31. Qxe6 Rf6 32. Qc8 Rff8 33. Qc5 Rxf4 34. gxf4 Qe7 35. Qd4+ Kh7 36. Qa7 Rd7 37. Qa8 Qxh4 38. b8=Q Qg4+ 39. Kh1 Qf3+ 40. Kg1 Qg4+
41. Kh1 Qh3+ 42. Kg1 Qg4+ 43. Kh1=
1/2-1/2

[Event "Tittle-tattles Promotional Tournament"]
[Site "SchemingMind.com"]
[Date "2008.04.13"]
[Round "-"]
[White "z"]
[Black "riverriver"]
[Result "0-1"]
[WhiteCountry "IRQ"]
[BlackCountry "USA"]
[WhiteElo "1769"]
[WhiteRD "52"]
[BlackElo "1848"]
[BlackRD "70"]
[GameID "150256"]

1. b4 d5 2. Bb2 Nc6 3. b5 Nb8 4. e3 Bf5 5. c4 Nf6 6. Nf3 Nbd7 7. Be2 dxc4 8. Bxc4 Nb6 9. Be2 e6 10. O-O Bd6
11. d3 O-O 12. e4 Bg6 13. e5 Be7 14. exf6 Bxf6 15. Qc2 Bxb2 16. Qxb2 Na4 17. Qb4 Nb6 18. Nc3 c5 19. Qxc5 Rc8 20. Qa3 Rc7
21. Ne4 f5 22. Neg5 h6 23. Nxe6 Qe7 24. Qxe7 Rxe7 25. Nf4 Kh7 26. Rfe1 Be8 27. d4 g5 28. Nd3 f4 29. Nde5 Bh5 30. Bd3+ Kg7
31. Kf1 Rd8 32. Bf5 Bxf3 33. gxf3 Rxd4 34. Ng6 Rxe1+ 35. Rxe1 Kf6 36. Bb1 Nc4 37. Nxf4 Rxf4 38. Ke2 Nd6 39. Ke3 Nxb5 40. Be4 b6
41. Rd1 Rh4 42. a4 Nc3 43. Bc6 Nxd1+
0-1

[Event "Tittle-tattles Promotional Tournament"]
[Site "SchemingMind.com"]
[Date "2008.04.14"]
[Round "-"]
[White "z"]
[Black "Efren ramos"]
[Result "0-1"]
[WhiteCountry "IRQ"]
[BlackCountry "NCA"]
[WhiteElo "1796"]
[WhiteRD "55"]
[BlackElo "1889"]
[BlackRD "88"]
[GameID "150257"]

1. b4 f5 2. Bb2 Nf6 3. e3 e6 4. b5 Be7 5. Nf3 O-O 6. Be2 b6 7. O-O a6 8. a4 axb5 9. axb5 Rxa1 10. Bxa1 Bb7
11. c4 h6 12. Ne5 Qe8 13. d4 d6 14. Nd3 Nbd7 15. Nc3 Qa8 16. f3 d5 17. Nf4 Kf7 18. cxd5 exd5 19. Bd3 g6 20. Qb3 Bd6
21. Nfe2 Re8 22. e4 Qa3 23. Qc2 dxe4 24. fxe4 fxe4 25. Nxe4 Bxe4 26. Bxe4 Qe3+ 27. Kh1 Qxe4 28. Qxe4 Rxe4 29. Nc3 Rf4 30. Rf3 Rxf3
31. gxf3 Nf8 32. Ne4 Nd5 33. Kg2 Ne6 34. Nxd6+ cxd6 35. Kf2 Nec7 36. Ke2 Nxb5 37. Kd3 Nbc7 38. Bb2 Ke6 39. Bc1 g5 40. Ba3 b5
41. h3 Nf4+ 42. Kc3 Ncd5+ 43. Kb3 Nxh3
0-1

[Event "Tittle-tattles Promotional Tournament"]
[Site "SchemingMind.com"]
[Date "2008.04.13"]
[Round "-"]
[White "z"]
[Black "Vaidotas"]
[Result "1/2-1/2"]
[WhiteCountry "IRQ"]
[BlackCountry "LTU"]
[WhiteElo "1825"]
[WhiteRD "51"]
[BlackElo "1898"]
[BlackRD "71"]
[GameID "150258"]

1. f4 c6 2. e4 d5 3. e5 Bf5 4. d4 e6 5. Bd3 Bg6 6. Nf3 Nd7 7. O-O c5 8. c3 Qb6 9. Re1 Ne7 10. Na3 c4
11. Bf1 h6 12. Nc2 Bh5 13. Ne3 Nf5 14. Qe2 g5 15. Nxf5 exf5 16. fxg5 hxg5 17. e6 fxe6 18. Qxe6+ Qxe6 19. Rxe6+ Kf7 20. Nxg5+ Kg7
21. Bf4 Bf7 22. Be5+ Nxe5 23. Rxe5 Bd6 24. Rxf5 Bxh2+ 25. Kf2 Raf8 26. Re1 Kg6 27. Rxf7 Kxg5 28. Re7 Kg6 29. Rxf8 Rxf8+ 30. Ke2 Bg3
31. Re3 Rf2+ 32. Ke1 Rxg2+ 33. Kd1 Rg1 34. Ke2 Bh4 35. Rf3 Rg4 36. Bh3 Re4+ 37. Re3 Rxe3+=
1/2-1/2

[Event "Tittle-tattles Promotional Tournament"]
[Site "SchemingMind.com"]
[Date "2008.04.12"]
[Round "-"]
[White "z"]
[Black "smothered mate"]
[Result "0-1"]
[WhiteCountry "IRQ"]
[BlackCountry "POL"]
[WhiteElo "1796"]
[WhiteRD "55"]
[BlackElo "1938"]
[BlackRD "52"]
[GameID "150259"]

1. b4 c5 2. bxc5 e5 3. Bb2 Nc6 4. f4 Bxc5 5. Nf3 Qb6 6. Qc1 Bf2+ 7. Kd1 Nf6 8. fxe5 Ne4 9. Nc3 f5 10. Nxe4 fxe4
11. Ng5 O-O 12. Nxe4 Bg1 13. Ng3 Qf2 14. c3 Qxg3 15. hxg3 Rxf1+ 16. Kc2 Rxc1+ 17. Rxc1 Bf2 18. d4 Bxg3 19. Rcf1 g5 20. Rf3 Bxe5
21. dxe5 Nxe5 22. Rfh3 d5 23. Rxh7 Bf5+ 24. Kc1 Bxh7 25. Rh5 Nf7 26. Kd2 Re8 27. Ba3 Bf5 28. Rh1 Ne5 29. Bc5 Nc4+ 30. Kd1 b6
31. Bd4 Bh7 32. Rh3 Nd6 33. Rf3 Ne4 34. a4 Rb8 35. a5 bxa5 36. Bxa7 Rb1+ 37. Kc2 Nf2+ 38. Kd2 Rd1+
0-1

[Event "Tittle-tattles Promotional Tournament"]
[Site "SchemingMind.com"]
[Date "2008.04.13"]
[Round "-"]
[White "riverriver"]
[Black "z"]
[Result "0-1"]
[WhiteCountry "USA"]
[BlackCountry "IRQ"]
[WhiteElo "1848"]
[WhiteRD "70"]
[BlackElo "1769"]
[BlackRD "52"]
[GameID "150260"]

1. d4 b5 2. e4 a6 3. Nf3 e6 4. Bd3 c5 5. c3 Bb7 6. O-O Nf6 7. Qe2 Be7 8. e5 Nd5 9. a4 b4 10. Be3 bxc3
11. dxc5 Nxe3 12. Qxe3 cxb2 13. Ra2 Qc7 14. Rxb2 Bxf3 15. Qxf3 Nc6 16. Be4 O-O 17. Rb6 Bxc5 18. Rb2 Rab8 19. Rc2 Qxe5 20. Bxc6 dxc6
21. Qxc6 Bd6 22. g3 f5 23. Qxa6 Rb4 24. Rc8 Rxc8 25. Qxc8+ Kf7 26. Nc3 Bc5 27. Nd1 Re4 28. a5 f4 29. Qd7+ Kg6 30. Qd2 fxg3
31. h3 gxf2+ 32. Nxf2 Rh4 33. Re1 Qg3+ 34. Kf1 Qxf2+ 35. Qxf2 Bxf2 36. Kxf2 Rxh3 37. Rxe6+ Kf7 38. Re3 Rh2+ 39. Kg1 Ra2 40. Re5 Kf6
41. Rb5 g5 42. Rb6+ Kf5 43. a6 h5 44. Rh6 Kg4 45. Rc6 Kg3 46. Rc3+ Kh4 47. Rc6 g4 48. Kf1 Kh3 49. Rc3+ g3 50. Rc6 g2+
51. Kg1 Ra1+
0-1

[Event "Tittle-tattles Promotional Tournament"]
[Site "SchemingMind.com"]
[Date "2008.04.14"]
[Round "-"]
[White "Efren ramos"]
[Black "z"]
[Result "1-0"]
[WhiteCountry "NCA"]
[BlackCountry "IRQ"]
[WhiteElo "1889"]
[WhiteRD "88"]
[BlackElo "1796"]
[BlackRD "55"]
[GameID "150261"]

1. Nf3 Nf6 2. d4 d5 3. c4 e6 4. Bg5 Be7 5. e3 Nbd7 6. Nbd2 O-O 7. Bd3 c6 8. Rc1 h6 9. Bh4 Re8 10. O-O Nf8
11. Re1 N6d7 12. Bg3 f5 13. cxd5 cxd5 14. Bc7
1-0

[Event "Tittle-tattles Promotional Tournament"]
[Site "SchemingMind.com"]
[Date "2008.04.13"]
[Round "-"]
[White "Vaidotas"]
[Black "z"]
[Result "1-0"]
[WhiteCountry "LTU"]
[BlackCountry "IRQ"]
[WhiteElo "1951"]
[WhiteRD "70"]
[BlackElo "1796"]
[BlackRD "55"]
[GameID "150262"]

1. e4 c5 2. d4 cxd4 3. c3 dxc3 4. Nxc3 d6 5. Bc4 Nf6 6. e5 d5 7. Bb5+ Nfd7 8. Qxd5 e6 9. Qd1 Bb4 10. Nf3 Bxc3+
11. bxc3 O-O 12. Ba3 Re8 13. O-O a6 14. Ba4 b5 15. Bc2 Bb7 16. Qe2 h6 17. Rfd1 Qc7 18. Rac1 Nc6 19. Bd6 Qd8 20. Qd3 g6
21. c4 Nb4 22. Bxb4
1-0

[Event "Tittle-tattles Promotional Tournament"]
[Site "SchemingMind.com"]
[Date "2008.04.12"]
[Round "-"]
[White "smothered mate"]
[Black "z"]
[Result "1-0"]
[WhiteCountry "POL"]
[BlackCountry "IRQ"]
[WhiteElo "1913"]
[WhiteRD "52"]
[BlackElo "1825"]
[BlackRD "51"]
[GameID "150263"]

1. g3 d5 2. b4 Bg4 3. Bg2 e6 4. Bb2 Nf6 5. a3 c6 6. d3 a5 7. c3 Nbd7 8. h3 Bh5 9. g4 Bg6 10. Nf3 h6
11. Nbd2 Bd6 12. e4 dxe4 13. dxe4 Qe7 14. Qe2 Bc7 15. Rd1 O-O 16. O-O Rfd8 17. Nb3 axb4 18. cxb4 Nxe4 19. Nfd4 Nd6 20. f4 Re8
21. Rfe1 Qd8 22. Qf3 Bb6 23. Kh2 Qc7 24. h4 Nc4 25. Ba1 e5 26. Ne2 exf4 27. h5 Be4 28. Qc3 f3+ 29. Ng3 Nce5 30. Rxe4 fxg2
31. Kxg2 Rxa3 32. Rxd7 Rxb3 33. Qxb3 Qxd7 34. Rxe5 Qd2+ 35. Kh3 Rd8 36. Re7 Qf4 37. Re4 Qg5 38. Nf5 Qd2 39. Ng3 Qg5 40. Qc3 Rd2
41. Re8+ Kh7 42. Ne4 Rh2+ 43. Kxh2 Qh4+ 44. Qh3 Qe1 45. Ng5+ hxg5 46. Rxe1
1-0

[Event "Tittle-tattles Promotional Tournament"]
[Site "SchemingMind.com"]
[Date "2008.04.15"]
[Round "-"]
[White "MazetaFighter"]
[Black "riverriver"]
[Result "1-0"]
[WhiteCountry "GRE"]
[BlackCountry "USA"]
[WhiteElo "2048"]
[WhiteRD "67"]
[BlackElo "1821"]
[BlackRD "72"]
[GameID "150268"]

1. e4 e5 2. Nf3 Nc6 3. Bb5 a6 4. Ba4 Nf6 5. O-O Be7 6. Re1 b5 7. Bb3 Na5 8. Nxe5 Nxb3 9. axb3 O-O 10. d4 Bb7
11. Nd2 d6 12. Ng4 Nxg4 13. Qxg4 d5 14. e5 c6 15. Qe2 Qb6 16. Nf3 Bc8 17. h3 Bb4 18. c3 Be7 19. b4 Bb7 20. e6 Rae8
21. exf7+ Rxf7 22. Ng5 Ref8 23. Nxf7 Rxf7 24. Bd2 Qc7 25. Qd3 h6 26. b3 Qd6 27. Re5 Bf6 28. Re8+ Rf8 29. Rae1 Qd7 30. Qg6 Qf7
31. Rxf8+ Kxf8 32. Qh7 g5 33. Qxh6+ Qg7 34. Qxg7+ Bxg7 35. Bxg5 Kf7 36. Re7+ Kg6 37. Rxb7 Bxd4 38. cxd4 Kxg5 39. Rb6 Kf4 40. Rxc6 Ke4
41. h4 Kxd4 42. h5 Ke5 43. h6 d4 44. h7 Kd5 45. Rc5+ Ke6 46. h8=Q
1-0

[Event "Tittle-tattles Promotional Tournament"]
[Site "SchemingMind.com"]
[Date "2008.04.14"]
[Round "-"]
[White "MazetaFighter"]
[Black "Efren ramos"]
[Result "1/2-1/2"]
[WhiteCountry "GRE"]
[BlackCountry "NCA"]
[WhiteElo "2037"]
[WhiteRD "69"]
[BlackElo "1897"]
[BlackRD "77"]
[GameID "150269"]

1. d4 d5 2. c4 c6 3. Nf3 Nf6 4. Nc3 dxc4 5. a4 Bf5 6. e3 e6 7. Bxc4 Bb4 8. O-O O-O 9. Qe2 Bg4 10. h3 Bxf3
11. Qxf3 Nbd7 12. Rd1 Qe7 13. e4 e5 14. d5 cxd5 15. Nxd5 Nxd5 16. Bxd5 Nc5 17. Be3 Ne6 18. Qg4 Rfd8 19. Bxe6 Qxe6 20. Qxe6 fxe6
21. Kf1 b6 22. Ke2 Kf7 23. Rxd8 Rxd8 24. Rd1 Rxd1 25. Kxd1 Ke7 26. Kc2 Kd7 27. Bd2 Bc5 28. f3 Bf2 29. Bc3 Bg3 30. b4 g6
31. b5 Bf4 32. Kd3 h5 33. Bd2 g5 34. Be1 h4 35. Bc3 Kd6 36. Kc4=
1/2-1/2

[Event "Tittle-tattles Promotional Tournament"]
[Site "SchemingMind.com"]
[Date "2008.04.14"]
[Round "-"]
[White "MazetaFighter"]
[Black "Vaidotas"]
[Result "1/2-1/2"]
[WhiteCountry "GRE"]
[BlackCountry "LTU"]
[WhiteElo "2037"]
[WhiteRD "69"]
[BlackElo "1904"]
[BlackRD "67"]
[GameID "150270"]

1. e4 c6 2. d4 d5 3. Nc3 dxe4 4. Nxe4 Nf6 5. Nxf6+ gxf6 6. c3 Bf5 7. Bf4 Nd7 8. Bd3 Bg6 9. Ne2 Qb6 10. Bxg6 hxg6
11. Qb3 Qxb3 12. axb3 e5 13. Bg3 Bg7 14. f3 f5 15. dxe5 Bxe5 16. Bxe5 Nxe5 17. O-O-O Rd8 18. Rxd8+ Kxd8 19. Rd1+ Kc7 20. h3 Nd7
21. Nd4 Re8 22. Kd2 Nf6 23. Re1 Rxe1 24. Kxe1 Kd6 25. Ke2 Nd5 26. g3 a6 27. b4 f4 28. g4=
1/2-1/2

[Event "Tittle-tattles Promotional Tournament"]
[Site "SchemingMind.com"]
[Date "2008.04.15"]
[Round "-"]
[White "MazetaFighter"]
[Black "z"]
[Result "1-0"]
[WhiteCountry "GRE"]
[BlackCountry "IRQ"]
[WhiteElo "2004"]
[WhiteRD "71"]
[BlackElo "1825"]
[BlackRD "51"]
[GameID "150271"]

1. e4 e6 2. d4 d5 3. Nc3 dxe4 4. Nxe4 Bd7 5. Nf3 Bc6 6. Bd3 Nd7 7. Qe2 Ngf6 8. O-O Be7 9. Ng3 Bxf3 10. Qxf3 c6
11. c4 O-O 12. Be3 h6 13. Rfd1 a5 14. Ne4 a4 15. a3 Qa5 16. Nc3 Rfd8 17. Bc2 Qa6 18. Qe2 Nb6 19. Bd3 Qa5 20. Rac1 Rd7
21. Ne4 Rad8 22. Bd2 Qa8 23. Bc3 Nxe4 24. Qxe4 Bf6 25. Qh7+ Kf8 26. Bb4+ c5 27. Bxc5+ Rd6 28. Bxd6+ Rxd6 29. c5 Rxd4 30. cxb6 g6
31. Qxh6+ Bg7 32. Qg5 Qd8 33. Qc5+ Kg8 34. Qc8 Qxc8 35. Rxc8+ Kh7 36. Rc7 Kh6 37. Rxb7 Rd6 38. Be2
1-0